[Event "Asia-ch Amateur"]
[Site "Dubai"]
[Date "2023.08.30"]
[Round "4"]
[White "Tamura, Hikaru"]
[Black "German, Santiago"]
[Result "0-1"]
[WhiteElo "1890"]
[BlackElo "1636"]
[PlyCount "120"]
[EventDate "2023.08.28"]
[EventType "swiss"]
[EventRounds "9"]
[EventCountry "UAE"]
[SourceTitle "EXT 2024"]
[Source "ChessBase"]
[SourceDate "2023.10.10"]
[SourceVersion "1"]
[SourceVersionDate "2023.10.10"]
[SourceQuality "1"]

1. e4 c5 2. Nf3 e6 3. d4 cxd4 4. Nxd4 Nc6 5. Nc3 Qc7 6. f4 a6 7. Nxc6 bxc6 8. e5 d6 9. exd6 Bxd6 10. Ne4 Be7 11. Bd3 Nf6 12. 0-0 0-0 13. Kh1 c5 14. Qe2 Bb7 15. b3 Qc6 16. Nd2 h5 17. Nf3 Qc7 18. Qe5 Qxe5 19. fxe5 Nd5 20. Be4 Rab8 21. Re1 Nb4 22. Bxb7 Rxb7 23. Re2 Rd8 24. c3 Rd1+ 25. Re1 Rxe1+ 26. Nxe1 Nc6 27. Nf3 Rd7 28. Bf4 Bd8 29. Kg1 Ba5 30. Rc1 Rd3 31. c4 Bb4 32. Kf2 Ba3 33. Rc2 Nb4 34. Re2 Rd1 35. Ne1 Rxe1 36. Kxe1 Nd3+ 37. Kd1 Nxf4 38. Rd2 g5 39. Rd8+ Kg7 40. g3 Ng6 41. Ra8 Nxe5 42. Rxa6 Bb4 43. Ke2 g4 44. a4 Nf3 45. Rb6 Nd4+ 46. Kd3 Nxb3 47. Rb8 f5 48. Re8 Kf7 49. Rh8 e5 50. Rxh5 Kg6 51. Rh8 e4+ 52. Ke3 Bd2+ 53. Ke2 e3 54. Rc8 Nc1+ 55. Kd1 Nb3 56. Re8 Nd4 57. a5 Bxa5 58. Rxe3 Bb4 59. Rd3 Nf3 60. h4 Kh5 0-1

[Event "Asia-ch Amateur"]
[Site "Dubai"]
[Date "2023.08.28"]
[Round "1"]
[White "German, Santiago"]
[Black "Othman, Rabeea"]
[Result "1/2-1/2"]
[WhiteElo "1636"]
[BlackElo "1990"]
[PlyCount "80"]
[EventDate "2023.08.28"]
[EventType "swiss"]
[EventRounds "9"]
[EventCountry "UAE"]
[SourceTitle "EXT 2024"]
[Source "ChessBase"]
[SourceDate "2023.10.10"]
[SourceVersion "1"]
[SourceVersionDate "2023.10.10"]
[SourceQuality "1"]

1. e4 e6 2. d3 d5 3. Nd2 c5 4. g3 Nc6 5. Bg2 Nf6 6. Ne2 d4 7. 0-0 e5 8. f4 Bd6 9. Nc4 Bc7 10. fxe5 Nxe5 11. Nxe5 Bxe5 12. Bg5 Bg4 13. Qd2 Bxe2 14. Qxe2 Qd6 15. Bf4 Nd7 16. Bh3 0-0 17. Bxd7 Bxf4 18. Rxf4 Qxd7 19. Raf1 Rac8 20. b3 Rc6 21. Qh5 b6 22. Qf5 Qe7 23. Qd5 Qe6 24. Rf5 Qxd5 25. Rxd5 Rc7 26. a4 a5 27. Rd6 Rb8 28. Rf5 Kf8 29. Re5 Re7 30. Red5 Rbb7 31. Kg2 Re6 32. Kf3 Ke7 33. Rxe6+ fxe6 34. Rh5 h6 35. Rh4 e5 36. Rh5 Ke6 37. Rf5 g6 38. Rf8 Rf7+ 39. Rxf7 Kxf7 40. h4 Ke6 1/2-1/2

[Event "British Universities-ch"]
[Site "Chess.com INT"]
[Date "2022.03.05"]
[Round "2.1"]
[White "Danopoulos, Spyridon"]
[Black "German, Santiago"]
[Result "1/2-1/2"]
[WhiteElo "1375"]
[BlackElo "1992"]
[PlyCount "142"]
[EventDate "2022.03.05"]
[EventType "swiss"]
[EventRounds "9"]
[EventCountry "ENG"]
[SourceTitle "EXT 2023"]
[Source "ChessBase"]
[SourceDate "2022.10.05"]
[SourceVersion "1"]
[SourceVersionDate "2022.10.05"]
[SourceQuality "1"]
[WhiteTeam "Southampton"]
[BlackTeam "Warwick (Pawns) VI"]
[WhiteTeamCountry "ENG"]
[BlackTeamCountry "ENG"]

1. e4 c5 2. Nf3 e6 3. d4 cxd4 4. Nxd4 Nc6 5. a3 Qc7 6. Nc3 a6 7. Be2 Nf6 8. Be3 Be7 9. 0-0 b5 10. Kh1 Bb7 11. Qd3 Ne5 12. Qd1 Rc8 13. f4 Nc4 14. Bxc4 Qxc4 15. e5 Ne4 16. Nxe4 Bxe4 17. c3 g6 18. Rf2 h5 19. Qe2 h4 20. h3 d5 21. exd6 Bxd6 22. Qd2 Bc7 23. Rd1 Rd8 24. Qe1 Qd5 25. Rfd2 Qb7 26. Qf2 Rh5 27. Kg1 Bd5 28. Qe2 Bc4 29. Qg4 Bd5 30. Bf2 Bb6 31. Bxh4 Rc8 32. Bf6 Bxd4+ 33. Rxd4 Rc4 34. Bg5 Rxd4 35. Rxd4 Qb6 36. Kh2 Qc7 37. Bf6 a5 38. Qe2 Qc6 39. Qd2 a4 40. Qe2 Rf5 41. Bg5 f6 42. Bh4 Bc4 43. Qd2 Qc7 44. g4 Rd5 45. Rxd5 Bxd5 46. Bxf6 Qc4 47. Bd4 Qf1 48. Qf2 Qh1+ 49. Kg3 Qc1 50. Qe3 Qxb2 51. Qe5 Qg2+ 52. Kh4 Qe4 53. Qxe4 Bxe4 54. Bc5 Kf7 55. Kg5 Bg2 56. h4 Bd5 57. h5 gxh5 58. gxh5 Kg7 59. h6+ Kh7 60. Bd4 Bc4 61. Bg7 Bb3 62. Kf6 Bc4 63. Ke5 Kg8 64. f5 exf5 65. Kxf5 Kh7 66. Ke5 Bf1 67. Kd4 Bc4 68. Kc5 Kg6 69. Bf8 Kh7 70. Bg7 Bf1 71. Kb4 Kg6 1/2-1/2

[Event "British Universities-ch"]
[Site "Chess.com INT"]
[Date "2022.03.05"]
[Round "7.1"]
[White "German, Santiago"]
[Black "Glancey, Jamie"]
[Result "1-0"]
[WhiteElo "1992"]
[BlackElo "1098"]
[PlyCount "33"]
[EventDate "2022.03.05"]
[EventType "swiss"]
[EventRounds "9"]
[EventCountry "ENG"]
[SourceTitle "EXT 2023"]
[Source "ChessBase"]
[SourceDate "2022.10.05"]
[SourceVersion "1"]
[SourceVersionDate "2022.10.05"]
[SourceQuality "1"]
[WhiteTeam "Warwick (Pawns) VI"]
[BlackTeam "Exeter III"]
[WhiteTeamCountry "ENG"]
[BlackTeamCountry "ENG"]

1. e4 e6 2. d4 d5 3. Nd2 Nf6 4. e5 Nfd7 5. Bd3 c5 6. c3 Nc6 7. Ne2 Be7 8. 0-0 Qb6 9. Nf3 0-0 10. Ng3 cxd4 11. cxd4 Nxd4 12. Nxd4 Qxd4 13. Bxh7+ Kxh7 14. Qxd4 Bc5 15. Qg4 Nxe5 16. Qh5+ Kg8 17. Qxe5 1-0

[Event "British Universities-ch"]
[Site "Chess.com INT"]
[Date "2022.03.05"]
[Round "1.1"]
[White "German, Santiago"]
[Black "Smith, George1111"]
[Result "1-0"]
[WhiteElo "1992"]
[BlackElo "1580"]
[PlyCount "95"]
[EventDate "2022.03.05"]
[EventType "swiss"]
[EventRounds "9"]
[EventCountry "ENG"]
[SourceTitle "EXT 2023"]
[Source "ChessBase"]
[SourceDate "2022.10.05"]
[SourceVersion "1"]
[SourceVersionDate "2022.10.05"]
[SourceQuality "1"]
[WhiteTeam "Warwick (Pawns) VI"]
[BlackTeam "Imperial"]
[WhiteTeamCountry "ENG"]
[BlackTeamCountry "ENG"]

1. e4 c5 2. Nf3 e6 3. d4 cxd4 4. Nxd4 Nc6 5. g3 Qc7 6. Bg2 a6 7. 0-0 Nf6 8. Nc3 Be7 9. Nxc6 bxc6 10. Bf4 e5 11. Bg5 0-0 12. h4 h6 13. Be3 Rb8 14. Rb1 Rd8 15. Qd3 Bb7 16. Na4 c5 17. c4 d6 18. Nc3 Bc6 19. Rfc1 Qb7 20. Nd5 Ng4 21. Bd2 Qd7 22. Bh3 Nxf2 23. Nxe7+ Qxe7 24. Kxf2 f5 25. Bxf5 Rf8 26. Kg1 Rf6 27. Bh3 Rg6 28. Kh2 Bd7 29. Bxd7 Qxd7 30. Rf1 Kh7 31. Qf3 Rf6 32. Qg2 Rg6 33. Qh3 Qe8 34. Qf5 Kg8 35. Rf3 Rb7 36. b3 Rf6 37. Qg4 Rxf3 38. Qxf3 Rf7 39. Qe2 Qf8 40. Kg2 Qa8 41. Rf1 Re7 42. Qd3 Re6 43. Qd5 Qc8 44. Bxh6 Kh7 45. Bg5 Rg6 46. Qf7 Qg4 47. Qf3 Qd7 48. Qh5+ 1-0

[Event "British Universities-ch"]
[Site "Chess.com INT"]
[Date "2022.03.05"]
[Round "4.1"]
[White "Ruiz, Daniel"]
[Black "German, Santiago"]
[Result "0-1"]
[WhiteElo "2134"]
[BlackElo "1992"]
[PlyCount "110"]
[EventDate "2022.03.05"]
[EventType "swiss"]
[EventRounds "9"]
[EventCountry "ENG"]
[SourceTitle "EXT 2023"]
[Source "ChessBase"]
[SourceDate "2022.10.05"]
[SourceVersion "1"]
[SourceVersionDate "2022.10.05"]
[SourceQuality "1"]
[WhiteTeam "Warwick (En Passant) V"]
[BlackTeam "Warwick (Pawns) VI"]
[WhiteTeamCountry "ENG"]
[BlackTeamCountry "ENG"]

1. d4 d5 2. c4 e6 3. Nc3 Nf6 4. Bg5 Be7 5. e3 c6 6. Nf3 0-0 7. h3 Nbd7 8. Be2 dxc4 9. Bxc4 Nd5 10. Bxe7 Qxe7 11. 0-0 Nxc3 12. bxc3 e5 13. dxe5 Nxe5 14. Nxe5 Qxe5 15. Qd4 Qxd4 16. cxd4 Bf5 17. Rfd1 h6 18. a4 b6 19. Be2 Rac8 20. Ba6 Rc7 21. Rac1 Bc8 22. Bb5 Bb7 23. d5 Rfc8 24. dxc6 Bxc6 25. Ba6 Bb7 26. Rxc7 Rxc7 27. Rd8+ Kh7 28. Bd3+ g6 29. Bb5 Kg7 30. Rd7 Rxd7 31. Bxd7 Kf6 32. Kf1 Ke7 33. Bb5 Kd6 34. g3 Kc5 35. Ke1 Bc8 36. Be8 Be6 37. Kd2 Kb4 38. h4 g5 39. hxg5 hxg5 40. f4 gxf4 41. gxf4 f6 42. e4 a6 43. Kd3 Kc5 44. f5 Bc4+ 45. Kc3 b5 46. axb5 Bxb5 47. Bf7 Bc6 48. Kd3 a5 49. Ke3 a4 50. Kf4 Kd4 51. Ba2 Bxe4 52. Kg4 Ke5 53. Kg3 Bxf5 54. Kf3 Be6 55. Bb1 a3 0-1